|
|
|
|
| LEADER |
00000nam0a2200000 4500 |
| 001 |
19263 |
| 005 |
20231030191609.0 |
| 035 |
|
|
|a (RuTPU)RU\TPU\book\19424
|
| 035 |
|
|
|a BOOK00000079
|
| 090 |
|
|
|a 19263
|
| 100 |
|
|
|a 20011209d1985 km y0rusy50 ca
|
| 101 |
0 |
|
|a rus
|
| 102 |
|
|
|a RU
|
| 105 |
|
|
|a a z 000zy
|
| 200 |
1 |
|
|a Инквизиция
|f И. Р. Григулевич
|
| 205 |
|
|
|a 3-е изд.
|
| 210 |
|
|
|a Москва
|c Политиздат
|d 1985
|
| 215 |
|
|
|a 448 с.
|c ил.
|
| 610 |
1 |
|
|a религия
|
| 610 |
1 |
|
|a католицизм
|
| 610 |
1 |
|
|a католическая церковь
|
| 610 |
1 |
|
|a история
|
| 610 |
1 |
|
|a инквизиция
|
| 686 |
|
|
|a Э375-3
|v LBC/SL-A
|2 rubbk
|
| 700 |
|
1 |
|a Григулевич
|b И. Р.
|g Иосиф Ромуальдович
|
| 801 |
|
0 |
|a RU
|b 63413507
|c 20011209
|g PSBO
|
| 801 |
|
2 |
|a RU
|b 63413507
|c 20150821
|g PSBO
|
| 942 |
|
|
|c BK
|